Normal view
MARC view
- Supervised Dr. Yasir Ali.
Entry Personal Name
001 - CONTROL NUMBER
- control field: 19781
003 - CONTROL NUMBER IDENTIFIER
- control field: NUST
005 - DATE AND TIME OF LATEST TRANSACTION
- control field: 20190831151905.0
008 - FIXED-LENGTH DATA ELEMENTS
- fixed length control field: 190831|| aca||aabn | a|a d
040 ## - CATALOGING SOURCE
- Original cataloging agency: NUST
- Transcribing agency: NUST
100 ## - HEADING--PERSONAL NAME
- Personal name: Supervised Dr. Yasir Ali.
670 ## - SOURCE DATA FOUND
- Source citation: Work cat.: (NUST): MHD Flow Heat and Mass Transfer over an Oscillating and Translating Porous Surface /, 2016.
